<?xml version="1.0" encoding="UTF-8"?>
<record
    xmlns:xsi="http://www.w3.org/2001/XMLSchema-instance"
    xsi:schemaLocation="http://www.loc.gov/MARC21/slim http://www.loc.gov/standards/marcxml/schema/MARC21slim.xsd"
    xmlns="http://www.loc.gov/MARC21/slim">

  <leader>01980nim a2200409 i 4500</leader>
  <controlfield tag="001">197331</controlfield>
  <controlfield tag="003">ES-MaACL</controlfield>
  <controlfield tag="005">20250901050622.0</controlfield>
  <controlfield tag="007">ss lsnjlcipnne</controlfield>
  <controlfield tag="008">290425s1990    sp nnnn  |||| 00|   spa d</controlfield>
  <datafield tag="040" ind1=" " ind2=" ">
    <subfield code="b">spa</subfield>
    <subfield code="c">ES-MaACL</subfield>
  </datafield>
  <datafield tag="245" ind1="0" ind2="0">
    <subfield code="a">La vida est&#xE1; en otra parte: ingenier&#xED;a gen&#xE9;tica</subfield>
    <subfield code="h">[Grabaci&#xF3;n sonora] :</subfield>
    <subfield code="b">ciclo El mundo en el que luchan las mujeres /</subfield>
  </datafield>
  <datafield tag="260" ind1=" " ind2=" ">
    <subfield code="a">Madrid : </subfield>
    <subfield code="b">Ateneo de Madrid, </subfield>
    <subfield code="c">1991.</subfield>
  </datafield>
  <datafield tag="300" ind1=" " ind2=" ">
    <subfield code="a">2 casetes (ca. 180 min) :</subfield>
    <subfield code="b">son. ;</subfield>
    <subfield code="c">11 cm</subfield>
  </datafield>
  <datafield tag="490" ind1="1" ind2=" ">
    <subfield code="3">Actos culturales en el Ateneo de Madrid</subfield>
  </datafield>
  <datafield tag="518" ind1=" " ind2=" ">
    <subfield code="a">Grabado el 28 de enero de 1991 en el Sal&#xF3;n de Actos del Ateneo de Madrid.</subfield>
  </datafield>
  <datafield tag="520" ind1=" " ind2=" ">
    <subfield code="a">Conferencia sobre la ingenier&#xED;a gen&#xE9;tica dentro del Ciclo El mundo que habitan las mujeres, que contiene tres conferencias siendo estas: la aqu&#xED; comentada, "Martillo de brujas y herejes: el poder judicial" y "Entre el rito y el drama: las drogas". </subfield>
  </datafield>
  <datafield tag="540" ind1=" " ind2=" ">
    <subfield code="a">Documento in&#xE9;dito</subfield>
  </datafield>
  <datafield tag="594" ind1=" " ind2=" ">
    <subfield code="5">Datos basados en la invitaci&#xF3;n.</subfield>
  </datafield>
  <datafield tag="610" ind1="2" ind2="0">
    <subfield code="a">Ateneo de Madrid-</subfield>
    <subfield code="x">Actos culturales-</subfield>
    <subfield code="y">1991-</subfield>
    <subfield code="v">Grabaciones sonoras</subfield>
    <subfield code="9">240452</subfield>
  </datafield>
  <datafield tag="650" ind1=" " ind2="7">
    <subfield code="a">Mujeres</subfield>
    <subfield code="2">embne</subfield>
    <subfield code="9">15251</subfield>
  </datafield>
  <datafield tag="653" ind1=" " ind2=" ">
    <subfield code="a">Archivo de la palabra</subfield>
  </datafield>
  <datafield tag="655" ind1=" " ind2="0">
    <subfield code="a">Conferencias</subfield>
    <subfield code="9">234444</subfield>
  </datafield>
  <datafield tag="700" ind1="1" ind2=" ">
    <subfield code="a">Garc&#xED;a Herrera, Alicia</subfield>
    <subfield code="9">240486</subfield>
  </datafield>
  <datafield tag="710" ind1=" " ind2=" ">
    <subfield code="a">Ateneo de Madrid. </subfield>
    <subfield code="e">his</subfield>
    <subfield code="9">240081</subfield>
    <subfield code="b">Agrupaci&#xF3;n Atene&#xED;sta de Estudios sobre la Mujer "Clara Campoamor"</subfield>
  </datafield>
  <datafield tag="710" ind1="2" ind2=" ">
    <subfield code="a">&#xC1;gora Feminista</subfield>
    <subfield code="e">clb</subfield>
    <subfield code="9">240372</subfield>
  </datafield>
  <datafield tag="710" ind1="2" ind2=" ">
    <subfield code="a">F&#xF3;rum de Pol&#xED;tica Feminista</subfield>
    <subfield code="e">clb</subfield>
    <subfield code="9">4150</subfield>
  </datafield>
  <datafield tag="710" ind1=" " ind2=" ">
    <subfield code="a">Mujeres de la Asociaci&#xF3;n por la Defensa de la Sanidad P&#xFA;blica</subfield>
    <subfield code="e">clb</subfield>
    <subfield code="9">240375</subfield>
  </datafield>
  <datafield tag="710" ind1=" " ind2=" ">
    <subfield code="a">Asociaci&#xF3;n de Mujeres Juristas Themis</subfield>
    <subfield code="e">clb</subfield>
    <subfield code="9">240376</subfield>
  </datafield>
  <datafield tag="710" ind1=" " ind2=" ">
    <subfield code="a">Movimiento por la Liberaci&#xF3;n e Igualdad de la Mujer</subfield>
    <subfield code="e">clb</subfield>
    <subfield code="9">240364</subfield>
  </datafield>
  <datafield tag="830" ind1=" " ind2="0">
    <subfield code="a">Actos culturales en el Ateneo de Madrid</subfield>
    <subfield code="9">240237</subfield>
  </datafield>
  <datafield tag="852" ind1=" " ind2=" ">
    <subfield code="a">ES-MaACL</subfield>
    <subfield code="c">DEPOZ</subfield>
    <subfield code="p">Cinta 1</subfield>
    <subfield code="9">205632 </subfield>
  </datafield>
  <datafield tag="852" ind1=" " ind2=" ">
    <subfield code="a">ES-MaACL</subfield>
    <subfield code="c">DEPOZ</subfield>
    <subfield code="p">Cinta 2</subfield>
    <subfield code="9">205633</subfield>
  </datafield>
  <datafield tag="942" ind1=" " ind2=" ">
    <subfield code="2">udc</subfield>
    <subfield code="n">0</subfield>
    <subfield code="c">CINTASAUD</subfield>
  </datafield>
  <datafield tag="999" ind1=" " ind2=" ">
    <subfield code="c">197331</subfield>
    <subfield code="d">197331</subfield>
  </datafield>
  <datafield tag="952" ind1=" " ind2=" ">
    <subfield code="0">0</subfield>
    <subfield code="1">0</subfield>
    <subfield code="2">udc</subfield>
    <subfield code="3">Cinta 1</subfield>
    <subfield code="4">0</subfield>
    <subfield code="7">0</subfield>
    <subfield code="8">archivo_palabra</subfield>
    <subfield code="a">ATENEOM</subfield>
    <subfield code="b">ATENEOM</subfield>
    <subfield code="c">DEPOZ</subfield>
    <subfield code="d">2025-05-20</subfield>
    <subfield code="l">0</subfield>
    <subfield code="o">AP/1209</subfield>
    <subfield code="p">2025-0369</subfield>
    <subfield code="r">2025-05-20 00:00:00</subfield>
    <subfield code="w">2025-05-20</subfield>
    <subfield code="y">CINTASAUD</subfield>
  </datafield>
  <datafield tag="952" ind1=" " ind2=" ">
    <subfield code="0">0</subfield>
    <subfield code="1">0</subfield>
    <subfield code="2">udc</subfield>
    <subfield code="3">Cinta 2</subfield>
    <subfield code="4">0</subfield>
    <subfield code="7">0</subfield>
    <subfield code="8">archivo_palabra</subfield>
    <subfield code="a">ATENEOM</subfield>
    <subfield code="b">ATENEOM</subfield>
    <subfield code="c">DEPOZ</subfield>
    <subfield code="d">2025-05-20</subfield>
    <subfield code="l">0</subfield>
    <subfield code="o">AP/1210</subfield>
    <subfield code="p">2025-0370</subfield>
    <subfield code="r">2025-05-20 00:00:00</subfield>
    <subfield code="w">2025-05-20</subfield>
    <subfield code="y">CINTASAUD</subfield>
  </datafield>
</record>
